Annual Report 2013-14 (Record no. 292094)

MARC details
000 -LEADER
fixed length control field 00352nam a22001457a 4500
003 - CONTROL NUMBER IDENTIFIER
control field OSt
082 ## - DEWEY DECIMAL CLASSIFICATION NUMBER
Classification number DCR/AR
Item number 2013-14
245 ## - TITLE STATEMENT
Title Annual Report 2013-14
260 ## - PUBLICATION, DISTRIBUTION, ETC. (IMPRINT)
Place of publication, distribution, etc Karnataka
Name of publisher, distributor, etc ICAR-Directorate of Cashew Research
Date of publication, distribution, etc 2014
300 ## - PHYSICAL DESCRIPTION
Extent 112p.
546 ## - LANGUAGE
Language note English
700 ## - ADDED ENTRY--PERSONAL NAME
Personal name Shivarama Bhat, P, Ed.
700 ## - ADDED ENTRY--PERSONAL NAME
Personal name Rupa, T R,Ed.
942 ## - ADDED ENTRY ELEMENTS (KOHA)
Source of classification or shelving scheme Dewey Decimal Classification
Koha item type Report
Holdings
Lost status Source of classification or shelving scheme Damaged status Not for loan Collection code Home library Current library Shelving location Date acquired Total Checkouts Full call number Barcode Date last seen Koha item type
  Dewey Decimal Classification   Not For Loan Reports KAU Central Library, Thrissur KAU Central Library, Thrissur Reports 25/04/2025   DCR/AR 2013-14 812905 25/04/2025 Report
Kerala Agricultural University Central Library
Thrissur-(Dt.), Kerala Pin:- 680656, India
Ph : (+91)(487) 2372219
E-mail: librarian@kau.in
Website: http://library.kau.in/